[Event "Belgrade-chT Quality"]
[Site "Belgrade"]
[Date "2019.10.13"]
[Round "4.6"]
[White "Babin, Aleksandar"]
[Black "Marjanovic, Rastko"]
[Result "0-1"]
[WhiteElo "1966"]
[BlackElo "1921"]
[PlyCount "126"]
[EventDate "2019.10.05"]
[EventType "team-tourn"]
[EventRounds "11"]
[EventCountry "SRB"]
[SourceTitle "EXT 2022"]
[Source "ChessBase"]
[SourceDate "2021.10.06"]
[SourceVersion "1"]
[SourceVersionDate "2021.10.06"]
[SourceQuality "1"]
[WhiteTeam "Belgrade Tehnicka Skola"]
[BlackTeam "Romanticari"]
[WhiteTeamCountry "SRB"]
[BlackTeamCountry "SRB"]

1. e4 d6 2. d4 Nf6 3. Nc3 g6 4. Be3 Bg7 5. Qd2 Ng4 6. Bf4 0-0 7. h3 Nf6 8. Bh6 c6 9. Bxg7 Kxg7 10. Nge2 b5 11. Ng3 a5 12. h4 h5 13. Qg5 e5 14. Nce2 Qe8 15. f3 c5 16. dxc5 dxc5 17. Nc3 c4 18. Nd5 Nxd5 19. exd5 Kh7 20. Ne4 Qd8 21. Nf6+ Kg7 22. Nxh5+ Kh7 23. Ng3 f6 24. Qd2 Ra6 25. Ne4 Bf5 26. g4 Bxe4 27. fxe4 Nd7 28. Qe3 Qb6 29. Qd2 Qd4 30. Qxd4 exd4 31. a4 Rb6 32. axb5 Rxb5 33. Bxc4 Rxb2 34. Bd3 Nc5 35. Rh3 a4 36. Kd1 Kg7 37. Kc1 Rbb8 38. Kd2 Rb2 39. Kc1 Rbb8 40. Rb1 Rfc8 41. Ra1 Nb3+ 42. Kb2 Nxa1+ 43. Kxa1 Rc3 44. Ka2 a3 45. Rh1 Rb2+ 46. Ka1 Rc8 47. Rb1 Rcb8 48. Rxb2 axb2+ 49. Kb1 Kf8 50. g5 Ke7 51. Bc4 fxg5 52. hxg5 Kd6 53. Be2 Ke5 54. Bf3 Kf4 55. Bg2 Kxg5 56. e5 Kf5 57. e6 Kf6 58. Bh3 Ke7 59. Bg2 Kd6 60. Be4 g5 61. Bf3 Rf8 62. Bh5 Rh8 63. Bg4 Rh2 0-1

[Event "Belgrade City-chT"]
[Site "Belgrade"]
[Date "2019.05.14"]
[Round "2.9"]
[White "Ostojic, Katarina"]
[Black "Babin, Aleksandar"]
[Result "0-1"]
[WhiteElo "2147"]
[BlackElo "1931"]
[PlyCount "107"]
[EventDate "2019.05.13"]
[EventType "team-swiss"]
[EventRounds "5"]
[EventCountry "SRB"]
[SourceTitle "CBM 190 Extra"]
[Source "ChessBase"]
[SourceDate "2019.07.15"]
[SourceVersion "1"]
[SourceVersionDate "2019.07.15"]
[SourceQuality "1"]
[WhiteTeam "Crvena Zvezda (W)"]
[BlackTeam "Novi Belgrade Technicka II"]
[WhiteTeamCountry "SRB"]
[BlackTeamCountry "SRB"]

1. d4 Nf6 2. Nf3 b6 3. g3 Bb7 4. Bg2 e6 5. 0-0 c5 6. e3 d5 7. b3 Qc7 8. Bb2 Nbd7 9. Nbd2 Be7 10. c4 dxc4 11. Nxc4 0-0 12. Rc1 Rad8 13. Qe2 Qb8 14. Rfd1 Qa8 15. Ba3 Rfe8 16. Ne1 Bxg2 17. Nxg2 Qb7 18. Bb2 cxd4 19. exd4 Nd5 20. Qf3 Qb8 21. Ne1 Rc8 22. Nd3 Rc7 23. Nce5 Nxe5 24. Nxe5 Bf6 25. Rxc7 Qxc7 26. Rc1 Qb7 27. Nc4 Rc8 28. Rd1 Qa6 29. a4 Rd8 30. Na3 Qb7 31. Qe2 Rc8 32. Nc4 Qd7 33. Qf3 Rb8 34. Na3 Rc8 35. Qd3 Qb7 36. Nc4 Qd7 37. Qd2 Rb8 38. Ba3 b5 39. axb5 Rxb5 40. Qc2 Nb4 41. Qe2 Nd5 42. Qd3 Nb4 43. Qd2 Nd5 44. Rb1 Nb6 45. Nxb6 axb6 46. b4 Bxd4 47. Qf4 e5 48. Qe4 h6 49. Rc1 Rd5 50. Rc8+ Qxc8 51. Qxd5 Qc3 52. Qa2 b5 53. Kg2 h5 54. Kg1 0-1

[Event "Belgrade Trophy 32nd"]
[Site "Belgrade"]
[Date "2018.11.29"]
[Round "6"]
[White "Cavic, Goran"]
[Black "Babin, Aleksandar"]
[Result "0-1"]
[WhiteElo "1750"]
[BlackElo "1949"]
[PlyCount "102"]
[EventDate "2018.11.24"]
[EventType "swiss"]
[EventRounds "9"]
[EventCountry "SRB"]
[SourceTitle "CBM 187 Extra"]
[Source "ChessBase"]
[SourceDate "2018.11.04"]
[SourceVersion "1"]
[SourceVersionDate "2018.11.04"]
[SourceQuality "1"]

1. e4 e5 2. Nf3 Nf6 3. Nc3 Nc6 4. Bb5 Nd4 5. Ba4 Nxf3+ 6. Qxf3 Be7 7. d3 c6 8. Bb3 d6 9. h3 0-0 10. g4 Nd7 11. Be3 Bg5 12. Ne2 Bxe3 13. Qxe3 Nc5 14. 0-0-0 a5 15. d4 Nxb3+ 16. axb3 Qb6 17. Nc3 Be6 18. d5 Qxe3+ 19. fxe3 cxd5 20. exd5 Bd7 21. e4 a4 22. bxa4 Bxa4 23. b3 Bd7 24. Kb2 f6 25. Ra1 Kf7 26. Rxa8 Rxa8 27. Ra1 Rxa1 28. Kxa1 h5 29. gxh5 Bxh3 30. Kb2 Bg4 31. Kc1 Bxh5 32. Kd2 Ke7 33. Ke3 Be8 34. Ne2 Bd7 35. c4 g6 36. b4 b6 37. Nc3 f5 38. b5 Kd8 39. Na4 Kc7 40. Nc3 f4+ 41. Kf2 Bh3 42. Ne2 g5 43. Ng1 Bg4 44. Ke1 Kd7 45. Kf2 Bd1 46. Ne2 Bb3 47. Kf3 Bxc4 48. Nc3 Bb3 49. Kg4 Ke7 50. Nb1 Kf6 51. Nd2 Bd1+ 0-1

[Event "Belgrade-chTB Quality"]
[Site "Belgrade"]
[Date "2018.10.27"]
[Round "9.8"]
[White "Popovic, Sava"]
[Black "Babin, Aleksandar"]
[Result "1-0"]
[WhiteElo "1820"]
[BlackElo "1949"]
[PlyCount "85"]
[EventDate "2018.09.29"]
[EventType "team-tourn"]
[EventRounds "11"]
[EventCountry "SRB"]
[SourceTitle "CBM 187 Extra"]
[Source "ChessBase"]
[SourceDate "2018.11.04"]
[SourceVersion "1"]
[SourceVersionDate "2018.11.04"]
[SourceQuality "1"]
[WhiteTeam "Belgrade Visan"]
[BlackTeam "Belgrade EDB"]
[WhiteTeamCountry "SRB"]
[BlackTeamCountry "SRB"]

1. e4 e5 2. Nf3 Nf6 3. Nc3 Nc6 4. Bc4 Bb4 5. d3 Bxc3+ 6. bxc3 d6 7. Bg5 Qe7 8. h3 a6 9. Qd2 Be6 10. Bb3 h6 11. Bh4 a5 12. Rb1 Bxb3 13. cxb3 Qe6 14. 0-0 Nh5 15. d4 Qd7 16. Rfd1 f6 17. dxe5 g5 18. Bg3 Nxg3 19. fxg3 fxe5 20. Qd5 Ra7 21. Qb5 Nb8 22. Qd5 Nc6 23. Rd3 Qf7 24. Qb5 0-0 25. Rf1 Qe6 26. Nh2 Rxf1+ 27. Kxf1 Nd8 28. Rf3 a4 29. b4 Ra6 30. Ng4 Rb6 31. Qe2 Rc6 32. Qf2 Nf7 33. Rf6 Qc4+ 34. Kg1 h5 35. Rg6+ Kf8 36. Nh6 Ke8 37. Rg8+ Kd7 38. Rg7 Qe6 39. Rxf7+ Kd8 40. Rf8+ Kd7 41. Ng8 Rxc3 42. b5 c5 43. Nf6+ 1-0

[Event "Belgrade-chTB Quality"]
[Site "Belgrade"]
[Date "2018.10.07"]
[Round "4.8"]
[White "Babin, Aleksandar"]
[Black "Stojanovic, Mihailo"]
[Result "1-0"]
[WhiteElo "1949"]
[BlackElo "1994"]
[PlyCount "167"]
[EventDate "2018.09.29"]
[EventType "team-tourn"]
[EventRounds "11"]
[EventCountry "SRB"]
[SourceTitle "CBM 187 Extra"]
[Source "ChessBase"]
[SourceDate "2018.11.04"]
[SourceVersion "1"]
[SourceVersionDate "2018.11.04"]
[SourceQuality "1"]
[WhiteTeam "Belgrade EDB"]
[BlackTeam "Belgrade Turbina"]
[WhiteTeamCountry "SRB"]
[BlackTeamCountry "SRB"]

1. e4 c5 2. Nf3 d6 3. d4 cxd4 4. Nxd4 Nf6 5. Nc3 g6 6. Be3 Bg7 7. Qd2 Nc6 8. f3 0-0 9. 0-0-0 Bd7 10. h4 Nxd4 11. Bxd4 Qa5 12. Kb1 Rfc8 13. g4 Be6 14. a3 Rab8 15. Ne2 Qa4 16. Nf4 Rxc2 17. Qxc2 Ba2+ 18. Kc1 Bb3 19. Qc7 Qe8 20. Bc3 Bxd1 21. Kxd1 a6 22. Bd3 Nd7 23. Bxg7 Kxg7 24. Qc1 Nc5 25. Qc3+ Kg8 26. Ke2 Rc8 27. Nd5 Rc6 28. Qb4 Qd8 29. h5 g5 30. h6 e6 31. Qc3 e5 32. Qb4 Kf8 33. Rd1 b5 34. Rd2 Rc8 35. Rc2 Rc6 36. Qd2 f6 37. Rc3 Kf7 38. b4 Ne6 39. Rxc6 Nd4+ 40. Kf2 Nxc6 41. Kg3 Nd4 42. Qc3 Ne6 43. Qc6 Kg6 44. Qb7 Qf8 45. Ne7+ Kxh6 46. Nf5+ Kg6 47. Qe7 Qxe7 48. Nxe7+ Kf7 49. Nd5 Kg6 50. Bb1 h6 51. Ba2 Kg7 52. Ne3 Nc7 53. Bd5 Kf8 54. Bb7 Ke8 55. Nf5 Kd7 56. Nxh6 Ne6 57. Bxa6 Kc6 58. Ng8 Nd4 59. Nxf6 Nc2 60. Nh7 Nxa3 61. Nxg5 Nc2 62. Nf7 Nxb4 63. Bxb5+ Kxb5 64. Nxd6+ Kc6 65. Nf7 Nd3 66. g5 Kd7 67. Kg4 Ke7 68. Nh6 Ke6 69. Nf5 Nf4 70. Ng7+ Kf7 71. Nh5 Ne6 72. f4 exf4 73. Nxf4 Nd4 74. Kh5 Kg7 75. e5 Nf5 76. g6 Ne7 77. Ne6+ Kg8 78. Kg5 Nd5 79. Nf4 Nc7 80. Nh5 Ne6+ 81. Kh6 Kh8 82. g7+ Nxg7 83. Nxg7 Kg8 84. Kg6 1-0

[Event "Belgrade-chT"]
[Site "Belgrade"]
[Date "2017.10.01"]
[Round "1.8"]
[White "Babin, Aleksandar"]
[Black "Tatisic, Milan"]
[Result "1/2-1/2"]
[WhiteElo "1920"]
[BlackElo "2099"]
[PlyCount "41"]
[EventDate "2017.10.01"]
[EventType "team-tourn"]
[EventRounds "11"]
[EventCountry "SRB"]
[SourceTitle "CBM 181 Extra"]
[Source "ChessBase"]
[SourceDate "2017.12.12"]
[SourceVersion "1"]
[SourceVersionDate "2017.12.12"]
[SourceQuality "1"]
[WhiteTeam "Belgrade EDB"]
[BlackTeam "Bogoslov"]
[WhiteTeamCountry "SRB"]
[BlackTeamCountry "SRB"]

1. e4 c5 2. Nf3 Nc6 3. d4 cxd4 4. Nxd4 g6 5. Be3 Bg7 6. Nc3 Nf6 7. Qd2 Ng4 8. Nxc6 bxc6 9. Bf4 Qa5 10. Be2 d6 11. h3 Nf6 12. Bd3 0-0 13. Nd1 Qc7 14. 0-0 Be6 15. c4 Nd7 16. Rc1 Qb7 17. Bh6 Ne5 18. Bxg7 Kxg7 19. Be2 f6 20. b3 Nd7 21. f4 1/2-1/2

[Event "SRB-ch sf Belgrade-ch"]
[Site "Belgrade"]
[Date "2017.01.31"]
[Round "9"]
[White "Nenezic, Zoran"]
[Black "Babin, Aleksandar"]
[Result "0-1"]
[WhiteElo "1854"]
[BlackElo "1937"]
[PlyCount "60"]
[EventDate "2017.01.23"]
[EventType "swiss"]
[EventRounds "9"]
[EventCountry "SRB"]
[SourceTitle "EXT 2018"]
[Source "ChessBase"]
[SourceDate "2017.10.13"]
[SourceVersion "1"]
[SourceVersionDate "2017.10.13"]
[SourceQuality "1"]

1. c4 e5 2. Nc3 Nf6 3. Nf3 Nc6 4. d4 exd4 5. Nxd4 Be7 6. g3 0-0 7. Bg2 Nxd4 8. Qxd4 c6 9. 0-0 a5 10. e4 a4 11. e5 Ne8 12. c5 f6 13. f4 Ra5 14. Ne4 Nc7 15. Qc4+ Kh8 16. Nd6 Bxd6 17. exd6 Ne6 18. Be3 f5 19. b4 b5 20. Qc3 Ra8 21. a3 Bb7 22. Bd4 Qe8 23. Rfe1 Qg6 24. Be5 Rae8 25. Re3 Rf7 26. Rae1 h6 27. Bf1 Kh7 28. Bd3 Ref8 29. Bb1 Qh5 30. Kg2 g5 0-1

[Event "Belgrade-ch sf"]
[Site "Belgrade"]
[Date "2017.01.23"]
[Round "1"]
[White "Abramovic, Bosko"]
[Black "Babin, Aleksandar"]
[Result "1-0"]
[WhiteElo "2409"]
[BlackElo "1937"]
[PlyCount "52"]
[EventDate "2017.01.23"]
[EventType "swiss"]
[EventRounds "7"]
[EventCountry "SRB"]
[SourceTitle "CBM 176 Extra"]
[Source "ChessBase"]
[SourceDate "2017.03.02"]
[SourceVersion "1"]
[SourceVersionDate "2017.03.02"]
[SourceQuality "1"]

1. d4 Nf6 2. Nf3 b6 3. c4 e6 4. g3 Bb7 5. Bg2 Bb4+ 6. Bd2 Bxd2+ 7. Qxd2 0-0 8. 0-0 d6 9. Qd3 c5 10. Nc3 a6 11. Rfd1 Qc7 12. dxc5 dxc5 13. Qd6 Ne8 14. Qxc7 Nxc7 15. Na4 b5 16. Nxc5 Bc6 17. Rac1 bxc4 18. Ne5 Bxg2 19. Kxg2 Nd5 20. Rxc4 a5 21. e4 Ne7 22. h4 g6 23. b3 Kg7 24. Rcc1 Re8 25. g4 h6 26. g5 h5 1-0

[Event "Belgrade Trophy 21st"]
[Site "Obrenovac"]
[Date "2008.12.04"]
[Round "8"]
[White "Mladenovic, Jelena"]
[Black "Babin, Aleksandar"]
[Result "1-0"]
[WhiteElo "2178"]
[BlackElo "1972"]
[PlyCount "95"]
[EventDate "2008.11.27"]
[EventType "swiss"]
[EventRounds "9"]
[EventCountry "YUG"]
[SourceTitle "CBM 127 Extra"]
[Source "ChessBase"]
[SourceDate "2009.01.08"]
[SourceVersion "2"]
[SourceVersionDate "2009.01.28"]
[SourceQuality "1"]

1. e4 e5 2. Bc4 Bc5 3. Nf3 d6 4. c3 Nf6 5. d3 0-0 6. 0-0 Bg4 7. Re1 Nbd7 8. Nbd2 Bb6 9. Nf1 h6 10. Ng3 Re8 11. h3 Be6 12. Bb3 Kh7 13. Bc2 g6 14. Qd2 Ng8 15. d4 f6 16. h4 Nf8 17. h5 g5 18. Nh2 Qe7 19. Nhf1 Qf7 20. a4 a5 21. Ne3 Rad8 22. d5 Bc8 23. Nc4 Bg4 24. Nxb6 cxb6 25. Bd1 Bxd1 26. Qxd1 Ne7 27. Be3 Nd7 28. Qb3 Nc8 29. Qd1 Ne7 30. b4 Rf8 31. bxa5 bxa5 32. Rb1 b6 33. Bxb6 Nxb6 34. Rxb6 f5 35. Nxf5 Nxf5 36. exf5 Qd7 37. g4 Rc8 38. Qc2 Kh8 39. Reb1 Rc4 40. f3 Qc7 41. f6 Qc5+ 42. Kg2 Qxd5 43. Rb8 Rxg4+ 44. Kh2 Rh4+ 45. Kg3 e4 46. Rxf8+ Kh7 47. Rb5 Qc6 48. Rf7+ 1-0

[Event "Belgrade Trophy 21st"]
[Site "Obrenovac"]
[Date "2008.11.29"]
[Round "3"]
[White "Rajcevic, Stevan"]
[Black "Babin, Aleksandar"]
[Result "1-0"]
[WhiteElo "2176"]
[BlackElo "1972"]
[PlyCount "51"]
[EventDate "2008.11.27"]
[EventType "swiss"]
[EventRounds "9"]
[EventCountry "YUG"]
[SourceTitle "CBM 127 Extra"]
[Source "ChessBase"]
[SourceDate "2009.01.08"]
[SourceVersion "2"]
[SourceVersionDate "2009.01.28"]
[SourceQuality "1"]

1. d4 d5 2. Nf3 e6 3. c4 c6 4. Nc3 dxc4 5. e4 b5 6. Be2 Bb7 7. 0-0 Nd7 8. d5 e5 9. a4 a6 10. Ng5 Ngf6 11. Bg4 Nxg4 12. Qxg4 Nf6 13. Qg3 Nd7 14. Rd1 Qb8 15. Qh3 h6 16. Nxf7 cxd5 17. Qe6+ Be7 18. Nxd5 Bxd5 19. Rxd5 Rf8 20. Nd6+ Kd8 21. Nf5 Qc7 22. Qxe7+ Kc8 23. Be3 Rd8 24. Rad1 bxa4 25. Nxg7 c3 26. bxc3 1-0